| 000 | 00823nam a2200277 4500 | ||
|---|---|---|---|
| 003 | EG-GICUC | ||
| 005 | 20260209120833.0 | ||
| 008 | 260209s1919 fr ||||fr|||| 00| 0 fre d | ||
| 040 |
_aEG-GiCUC _bfre _cEG-GiCUC _dEG-GiCUC _eRda |
||
| 041 | 0 | _afre | |
| 082 | 0 | 4 |
_221 _a341.73 _bBA . T |
| 092 | 0 | 4 | _221 |
| 099 | _aLaw1 11 341.73 BA . T 1919 | ||
| 100 | 1 |
_aBarthou, L. _eAuteur |
|
| 245 | 1 | 3 |
_aLa traité de paix / _cL. Barthou |
| 264 | 1 |
_aParis : _bCharpentier, _c1919. |
|
| 300 |
_a249 page ; _c 24 cm. |
||
| 336 |
_2rda contenu _a texte |
||
| 337 |
_2rda medias _aOrdinateur |
||
| 338 |
_2 transporteur rda _a Ressource en ligne |
||
| 546 | _aTexte en français | ||
| 650 | 1 | 4 | _aPublic international law |
| 856 | 4 | 0 | _uhttps://fll.law.cu.edu.eg/fulltext/bks/B11-07597.pdf |
| 905 | _a30 | ||
| 942 |
_2ddc _cBK _e21 _n0 |
||
| 999 |
_c61773 _d61773 |
||